| 000 | 02461nam0a2200397 4500 | ||
|---|---|---|---|
| 001 | RU\NLR\BIBL_A\011905232 | ||
| 005 | 20190425103133.0 | ||
| 010 |
_9600 _a978-5-00140-077-6 |
||
| 021 |
_aRU _bКН-П-18-092080 _9КН-П-18-6688 |
||
| 029 | 1 | 0 |
_aRU _b067-2017 _cР |
| 035 | _a(NLR Aleph) 011905232 | ||
| 035 | _a(RuMoRGB)009828056 | ||
| 090 |
_a10904694 _c10904694 |
||
| 100 | _a20190109d2017 k y0rusy50 ca | ||
| 101 | 0 | _arus | |
| 102 | _aRU | ||
| 105 | _ay l 000|y | ||
| 200 | 9 |
_aИнструкция по подбору объектов, квартир и МХИГ, принимаемых под централизованную охрану подразделениями вневедомственной охраны войск национальной гвардии Российской Федерации, а также проведению мероприятий, направленных на уменьшение их оттока _eметодические рекомендации _eР 067-2017 _fФедеральная служба войск национальной гвардии Российской Федерации, Главное управление вневедомственной охраны |
|
| 205 | _aИзд. офиц. | ||
| 210 |
_aМосква _cФКУ "НИЦ "Охрана" Росгвардии _d2017 _aСаратов _cАмирит |
||
| 215 |
_a15 с. _d21 |
||
| 225 | 1 | _aБиблиотека технического специалиста охраны | |
| 239 |
_aВвед. 28.06.2017 _aвзамен Р 78.36.046-2015 |
||
| 517 | 1 | _aР 067-2017 | |
| 606 | 1 |
_aВневедомственная охрана _jМетодические пособия _yРоссийская Федерация _92173330 _3RU\NLR\AUTH\661307227 |
|
| 610 | 0 | _aвневедомственная охрана | |
| 686 |
_v2000 _2oks |
||
| 686 | 1 | _aХ621.163.04я7 | |
| 712 | 0 | 1 |
_4725 _aРоссийская Федерация _bФедеральная служба войск национальной гвардии _bГлавное управление вневедомственной охраны _9644479 _3RU\NLR\AUTH\880492208 |
| 712 | 0 | 2 |
_4900 _a"Охрана", научно-исследовательский центр _cМосква _9539273 _3RU\NLR\AUTH\880437523 |
| 942 | _cBOOK | ||
| 980 | _aNBR | ||
| 980 | _aNB | ||